Slovak Journal of Public Policy and Public Administration Scientific Journal
Recenzovaný vedecký časopis, ktorého cieľom je prinášať vedecké štúdie, odborné články, recenzie a informácie od autorov nielen zo Slovenska a slovenského prostredia. Aktuálne trendy v oblasti vedeckého výskumu verejnej politiky a verejnej správy v zahraničí.
Saved in:
| Format: | Serial |
|---|---|
| Language: | English |
| Published: |
Trnava
University of Saints Cyril and Methodius in Trnava. Faculty of Social Sciences.
|
| Subjects: | |
| Tags: |
No Tags, Be the first to tag this record!
|
MARC
| LEADER | 00000nls a2200000 4500 | ||
|---|---|---|---|
| 001 | 0258049 | ||
| 005 | 20220908131013.2 | ||
| 022 | |a 1339-7826 | ||
| 022 | |a 1339-5637 | ||
| 041 | 0 | |a eng | |
| 044 | |a SK | ||
| 245 | 1 | 0 | |a Slovak Journal of Public Policy and Public Administration |b Scientific Journal |
| 264 | 1 | |a Trnava |b University of Saints Cyril and Methodius in Trnava. Faculty of Social Sciences. | |
| 520 | |a Recenzovaný vedecký časopis, ktorého cieľom je prinášať vedecké štúdie, odborné články, recenzie a informácie od autorov nielen zo Slovenska a slovenského prostredia. Aktuálne trendy v oblasti vedeckého výskumu verejnej politiky a verejnej správy v zahraničí. | ||
| 610 | 2 | 0 | |a politika verejná |
| 610 | 2 | 0 | |a správa verejná |
| 610 | 2 | 0 | |a inovácie sociálne |
| 610 | 2 | 0 | |a rozvoj regionálny |